20 personnages aléatoires de Game of Thrones - Statistiques

Statistiques générales
  • Ce quiz a été pris 97 fois
  • Le résultat moyen est 8 sur 20
Statistiques - réponses
Par images Réponse % Correct
Alliser Thorne
100%
Arya Stark
100%
Bran Stark
100%
Brienne de Torth
100%
Catelyn Stark
100%
Cersei Lannister
100%
Daenerys Targaryen
100%
Eddard Stark
100%
Grand moineau
100%
Hodor
100%
Jaime Lannister
100%
Joffrey Baratheon
100%
Jon Snow
100%
Jorah Mormont
100%
Khal Drogo
100%
Loras Tyrell
100%
Lord Varys
100%
Lysa Arryn
100%
Mélisandre
100%
Missandei
100%
Olenna Tyrell
100%
Osha
100%
Petyr Baelish
100%
Ramsey Bolton
100%
Rickon Stark
100%
Robb Stark
100%
Roi de la nuit
100%
Roose Bolton
100%
Samwell Tarly
100%
Sandor Clegane
100%
Sansa Stark
100%
Shae
100%
Stannis Baratheon
100%
Theon Greyjoy
100%
Tommen Baratheon
100%
Tyrion Lannister
100%
Tywin Lannister
100%
Vère
100%
Viserys III Targaryen
100%
Xaro Xhoan Daxos
100%
Ygrid
100%
Broussaille
83%
Fantôme
80%
Oberyn Martell
80%
Benjen Stark
75%
Dickon Tarly
75%
Lancel Lannister
75%
Lyanna Mormont
75%
Ver Gris
75%
Daario Naharis
67%
Davos Mervault
67%
Gamine abandonnée
67%
Gregor Clegane
67%
Jon Arryn
67%
Kraznys mo Nakloz
67%
Podrick Payne
67%
Randyll Tarly
67%
Shireen Baratheon
67%
Walder Frey
67%
Été
63%
Euron Greyjoy
60%
Jojen Reed
60%
Qyburn
60%
Rodrik Cassel
60%
Talisa Stark
57%
Vent Gris
57%
Bronn de la Néra
50%
Brynden Tully
50%
Drogon
50%
Ellaria Sand
50%
Jaqen H'Ghar
50%
Locke
50%
Margaery Tyrell
50%
Matthos Mervault
50%
Mestre Luwin
50%
Rhaegal
50%
Rhaegar Targaryen
50%
Robert Baratheon
50%
Septa Unella
50%
Thoros de Myr
50%
Tormund Fléau d'Ogre
50%
Tourte-Chaude
50%
Tyerne Sand
50%
Vardis Egen
50%
Viserion
50%
Wun Weg Wun Dar Wun
50%
Yoren
50%
Nymeria
43%
Obara Sand
43%
Feuille
40%
Jeor Mormont
40%
Lady
40%
Mace Tyrell
40%
Myrcella Baratheon
40%
Qhorin Mimain
40%
Ros
40%
Walda Frey
40%
Arthur Dayne
33%
Barristan Selmy
33%
Béric Dondarrion
33%
Doreah
33%
Gendry Baratheon
33%
Jory Cassel
33%
Kevan Lannister
33%
Robin Arryn
33%
Salladhor Saan
33%
Trystan Martell
33%
Walder Rivers
33%
Melessa Tarly
29%
Meryn Trant
29%
Roi des Épices
29%
Aerys II Targaryen
25%
Corneille à trois yeux
25%
Hizdahr zo Loraq
25%
Jon Omble
25%
Myranda
25%
Ned Omble
25%
Olly
25%
Rickard Stark
25%
Sam
25%
Syrio Forel
25%
Craster
20%
Eddison Tollett
20%
Edmure Tully
20%
Harald Karstark
20%
Jon Omble
20%
Lyanna Stark
20%
Nymeria Sand
20%
Septa Mordane
20%
Yara Greyjoy
20%
Grenn
17%
Polliver
17%
Soldat Lannister
17%
Dontos Hollard
14%
Janos Slynt
14%
Khal Moro
14%
Lommy
14%
Aeron Greyjoy
0%
Ahko
0%
Alton Lannister
0%
Alys Karstark
0%
Amory Lorch
0%
Anguy
0%
Anya Waynwood
0%
Archimestre Ebrose
0%
Areo Hotah
0%
Balon Greyjoy
0%
Biter
0%
Black Lorren
0%
Bowen Marsh
0%
Dagmer
0%
Denys Mallister
0%
Doran Martell
0%
Gerold Hightower
0%
Hallyne le pyromane
0%
Harry Strickland
0%
Howland Reed
0%
Illyrio Mopatis
0%
Ilyn Payne
0%
Irri
0%
Izembaro
0%
Karl Tanner
0%
Karsi
0%
Khal Forzho
0%
Kinvara
0%
Kovarro
0%
Lhara
0%
Loboda
0%
Lothar Frey
0%
Maggy la Grenouille
0%
Malko
0%
Mance Rayder
0%
Marillion
0%
Meera Reed
0%
Mestre Aemond
0%
Mestre Pycelle
0%
Mestre Wolkan
0%
Mirri Maz Duur
0%
Mossador
0%
Olyvar
0%
Orell
0%
Othell Yarwyck
0%
Prendahl na Ghezn
0%
Pyat Pree
0%
Pypar
0%
Qotho
0%
Quaithe
0%
Rakharo
0%
Rast
0%
Ray
0%
Razdal mo Eraz
0%
Renly Baratheon
0%
Rickard Karstark
0%
Rorge
0%
Roslin Tully
0%
Seigneur des Os
0%
Selyse Baratheon
0%
Styr
0%
Talla Tarly
0%
Ternesio Terys
0%
Tycho Nestoris
0%
Yezzan zo Qaggaz
0%
Yohn Royce
0%
Aucun quiz correspondant
Distribution des résultats
% des personnes avec chaque résultat
Percentile par nombre de réponses
Votre historique - résultats
Vous n’avez pas pris ce quiz